000 00346nam a2200145 a 4500
003 AR-BaBNM
005 20251128202908.0
008 082120s2002 ||||||||||||||000 | spa||
040 _cAR-BaBNM
100 1 _aDagnino Pastore, Lorenzo Carlos
245 0 0 _aMi galaxia, mi paĆ­s 3
260 _a[S.l.]
_b[s.n.]
_c1957
942 _cBK
998 _cRhizi
999 _c1090
_d1090